| 000 | 00835nam a2200277 a 4500 | ||
|---|---|---|---|
| 001 | 51129 | ||
| 003 | BD-RjUL | ||
| 005 | 20211209075620.0 | ||
| 008 | 160829s1961 nyu 001 0 eng d | ||
| 035 | _a(BD-RjUL)51249 | ||
| 040 |
_aMNU _cMNU _dm.c. _dOCL _dTOL _dUBY _dBD-RjUL _beng |
||
| 041 | _aeng | ||
| 082 |
_223 _a511.4 _bBRA 1961 |
||
| 100 | 1 |
_aBruijn, N. G. de _q(Nicolaas Govert) _9152949 |
|
| 245 | 1 | 0 | _aAsymptotic methods in analysis. / |
| 250 | _a2d ed. | ||
| 260 |
_aNew York : _bInterscience Publishers, _c1961. |
||
| 300 |
_axii, 200 p. ; _c24 cm. |
||
| 490 |
_aBibliotheca mathematica ; _vv. 4 |
||
| 500 | _aInclude index | ||
| 650 | 0 |
_aNumerical analysis. _9152950 |
|
| 650 | 0 |
_aMathematical analysis. _9152951 |
|
| 830 | 0 |
_aBibliotheca mathematica ; _vv. 4 _9152203 |
|
| 942 |
_2ddc _cBK |
||
| 999 |
_c51129 _d51129 |
||